00618nam a2200157Ia 450000500170000000800410001708200130005810000180007124501000008926000500018930000110023950000920025094200060034295200970034899900150044520250529023723.0240331s9999 xx 000 0 und d bLIYa303 aLiyanagame, A 0aLanka ethihasaye madyathana yugaye ena Keralayo prathivirudda avastha dekak pilibanda adyanayak aColombobSocial Scientist's Associationc1994 a24 p., aTranslation of karalas in medieval Sri Lankan history. A study of two Contrasting Roles cL 001040708LaWERCLbWERCLcSSCd2024-03-31l0o 303.6 LIYp5363r2024-03-31w2024-03-31yL c5610d5610